<?xml version="1.0" encoding="UTF-8"?>
<record
    xmlns:xsi="http://www.w3.org/2001/XMLSchema-instance"
    xsi:schemaLocation="http://www.loc.gov/MARC21/slim http://www.loc.gov/standards/marcxml/schema/MARC21slim.xsd"
    xmlns="http://www.loc.gov/MARC21/slim">

  <leader>00848nam a22001817a 4500</leader>
  <controlfield tag="005">20250214104052.0</controlfield>
  <datafield tag="010" ind1=" " ind2=" ">
    <subfield code="a">HIN-127373</subfield>
  </datafield>
  <datafield tag="020" ind1=" " ind2=" ">
    <subfield code="a">9789354425172</subfield>
    <subfield code="c">3735.00</subfield>
  </datafield>
  <datafield tag="035" ind1=" " ind2=" ">
    <subfield code="a">HN-99719</subfield>
  </datafield>
  <datafield tag="037" ind1=" " ind2=" ">
    <subfield code="b">DBAD</subfield>
  </datafield>
  <datafield tag="082" ind1=" " ind2=" ">
    <subfield code="a">420.95458</subfield>
  </datafield>
  <datafield tag="100" ind1=" " ind2=" ">
    <subfield code="a">&#x926;&#x947;&#x935;&#x940;, &#x917;&#x923;&#x947;&#x936;</subfield>
    <subfield code="9">77573</subfield>
  </datafield>
  <datafield tag="245" ind1=" " ind2=" ">
    <subfield code="a">&#x92D;&#x93E;&#x930;&#x924;&#x940;&#x92F; &#x92D;&#x93E;&#x937;&#x93E; &#x932;&#x94B;&#x915; &#x938;&#x930;&#x94D;&#x935;&#x947;&#x915;&#x94D;&#x937;&#x923; : &#x92E;&#x947;&#x918;&#x93E;&#x932;&#x92F; &#x915;&#x940; &#x92D;&#x93E;&#x937;&#x93E;&#x90D; &#x916;&#x902;&#x921; 19 &#x92D;&#x93E;&#x917; 1 </subfield>
    <subfield code="c">&#x917;&#x923;&#x947;&#x936; &#x926;&#x947;&#x935;&#x940;</subfield>
  </datafield>
  <datafield tag="260" ind1=" " ind2=" ">
    <subfield code="a">&#x924;&#x947;&#x932;&#x902;&#x917;&#x93E;&#x928;&#x93E; </subfield>
    <subfield code="b">&#x913;&#x930;&#x93F;&#x92F;&#x902;&#x91F; &#x92C;&#x94D;&#x932;&#x948;&#x915;&#x938;&#x94D;&#x935;&#x949;&#x928; &#x92A;&#x94D;&#x930;&#x93E;&#x907;&#x935;&#x947;&#x91F; &#x932;&#x93F;&#x92E;&#x93F;&#x91F;&#x947;&#x921; </subfield>
    <subfield code="c">2024</subfield>
  </datafield>
  <datafield tag="270" ind1=" " ind2=" ">
    <subfield code="a">3-6-752 &#x939;&#x93F;&#x92E;&#x93E;&#x92F;&#x924; &#x928;&#x917;&#x930;, &#x939;&#x948;&#x926;&#x930;&#x92C;&#x93E;&#x926; 500029 </subfield>
    <subfield code="b"> &#x939;&#x948;&#x926;&#x930;&#x92C;&#x93E;&#x926;</subfield>
  </datafield>
  <datafield tag="300" ind1=" " ind2=" ">
    <subfield code="a">416&#x92A;&#x943;  </subfield>
    <subfield code="c">25 &#x938;&#x947;&#x92E;&#x940; (&#x938;&#x91C;&#x93F;&#x932;&#x94D;&#x926;)</subfield>
  </datafield>
  <datafield tag="942" ind1=" " ind2=" ">
    <subfield code="c">HN</subfield>
    <subfield code="2">ddc</subfield>
    <subfield code="h">420.95458</subfield>
    <subfield code="m">&#x926;&#x947;&#x935;&#x940;</subfield>
  </datafield>
  <datafield tag="999" ind1=" " ind2=" ">
    <subfield code="c">202201</subfield>
    <subfield code="d">202201</subfield>
  </datafield>
  <datafield tag="952" ind1=" " ind2=" ">
    <subfield code="0">0</subfield>
    <subfield code="1">0</subfield>
    <subfield code="4">0</subfield>
    <subfield code="7">1</subfield>
    <subfield code="8">REF</subfield>
    <subfield code="a">L</subfield>
    <subfield code="b">L</subfield>
    <subfield code="d">2024-04-16</subfield>
    <subfield code="e">DBAD</subfield>
    <subfield code="g">3735.00</subfield>
    <subfield code="l">0</subfield>
    <subfield code="o">420.95458 &#x926;&#x947;&#x935;&#x940;</subfield>
    <subfield code="p">HN-99719</subfield>
    <subfield code="r">2024-04-16 00:00:00</subfield>
    <subfield code="t">1</subfield>
    <subfield code="v">3735.00</subfield>
    <subfield code="w">2024-04-16</subfield>
    <subfield code="y">HN</subfield>
  </datafield>
</record>
